Leader xxxxxxxxxx
001 __ 84140850
005 __ 19951019175345.0
008 __ chi
010 0_ |a957-558-383-3|b平裝|d新臺幣120元
100 __ |a19950724d1992 d y0chiy0109 e.
101 0_ |achi.
102 __ |acw.
105 __ |aa z 000yy.
200 1_ |a十五少年漂流記|e|f維納裘爾原著|g施大力改寫.
205 __ |a初版.
210 __ |a臺南市|c大千文化|d民81[1992]
215 0_ |a252面|c圖|d22公分.
225 2_ |a世界文學注音版全集|v25.
260 1_ |a1992.
300 __ |a
302 __ |a國語注音.
410 _1 |12001 |a世界文學注音版全集|v25.
681 __ |a859.6|b4607.
700 _1 |a維納|b|4原著.
702 _1 |a施|b大力|4改寫.
801 _0 |acw|bPTL|c19950724.
801 _1 |acw|b鎧鈺|c19950724.
|